| 000 | 00760nam a2200253 i 4500 | ||
|---|---|---|---|
| 001 | 000013423 | ||
| 003 | DO-SdBNP | ||
| 005 | 20251209123435.0 | ||
| 008 | 091124s1983 dr 000 0 spa d | ||
| 040 |
_aDO-SdBNP _bspa _cBNPHU _erda |
||
| 041 | _hspa | ||
| 082 |
_a324.7 _bB641d _222 |
||
| 100 | 1 |
_aBlanco, Salvador Blanco _eautor _930672 |
|
| 245 | 1 | 0 |
_aDiscursos de campaña, 1982 / _cSalvador Jorge Blanco. |
| 264 |
_aSanto Domingo : _bCorripio, _c1983. |
||
| 300 |
_a141 páginas ; _c22 cm. |
||
| 336 |
_ardacontent _btexto _2txt |
||
| 337 |
_ardamedia _bsin mediación _2n |
||
| 338 |
_ardacarrier _bvolumen _2nc |
||
| 590 | _aInventariado, 2019/VM | ||
| 650 | 0 |
_aCampaña electoral _zRepública Dominicana _946157 |
|
| 910 | _aBT | ||
| 942 |
_2ddc _cLBS1 |
||
| 999 |
_c13049 _d13049 |
||